Southville International School and Colleges
Your cart is empty.
  • Cart
  • Lists
    Public lists Eva Luna New books Lux_list list_1
    Your lists Log in to create your own lists
  • Log in to your account
  • Your cookies
  • Search history
Southville International School and Colleges
  • Advanced search
  • Recent comments
  • Most popular
  • Libraries

Log in to your account

Log in with GOOGLE


If you do not have an external account, but do have a local account, you can still log in:

  1. Home
  2. MARC view: The magic school bus: at the waterworks /
Normal view MARC view ISBD view

The magic school bus: at the waterworks / (Record no. 102257)

[ view plain ]
MARC details
000 -LEADER
fixed length control field 00531nam a2200181 a 4500
005 - DATE AND TIME OF LATEST TRANSACTION
control field 20140412111233.0
008 - FIXED-LENGTH DATA ELEMENTS--GENERAL INFORMATION
fixed length control field 010502s19uu xx 00 eng d
020 ## - INTERNATIONAL STANDARD BOOK NUMBER
International Standard Book Number 0-590-40360-5
050 ## - LIBRARY OF CONGRESS CALL NUMBER
Classification number ER
Item number Ma27At 1986
100 ## - MAIN ENTRY--PERSONAL NAME
Personal name Cole, Joanna
245 ## - TITLE STATEMENT
Title The magic school bus: at the waterworks /
Statement of responsibility, etc by Joanna Cole; illustrated by Bruce Degen.
260 ## - PUBLICATION, DISTRIBUTION, ETC. (IMPRINT)
Place of publication, distribution, etc New York :
Name of publisher, distributor, etc Scholastic Inc,
Date of publication, distribution, etc 1986.
300 ## - PHYSICAL DESCRIPTION
Extent 39p. ; ill.
440 ## - SERIES STATEMENT/ADDED ENTRY--TITLE
Title The Magic School Bus
650 ## - SUBJECT ADDED ENTRY--TOPICAL TERM
Topical term or geographic name as entry element Water-Stories
650 ## - SUBJECT ADDED ENTRY--TOPICAL TERM
Topical term or geographic name as entry element Water-Fiction
Holdings
Withdrawn status Lost status Damaged status Home library Current library Shelving location Date acquired Source of acquisition Cost, normal purchase price Total Checkouts Full call number Barcode Date last seen Price effective from Koha item type
      Elizalde Library Elizalde Library Easy Reading Section 05/22/2001   88.00   ER Ma27At 1986 E1050 04/12/2014 04/12/2014 Books

The magic school bus: at the waterworks /

APA

Cole J., . (1986). The magic school bus: at the waterworks. New York: Scholastic Inc.

Chicago

Cole Joanna, . 1986. The magic school bus: at the waterworks. New York: Scholastic Inc.

Harvard

Cole J., . (1986). The magic school bus: at the waterworks. New York: Scholastic Inc.

MLA

Cole Joanna, . The magic school bus: at the waterworks. New York: Scholastic Inc. 1986.

  • Place hold
  • Print
  • Cite
  • Add to your cart (remove)
  • Save record
    BIBTEX Dublin Core MARCXML MARC (non-Unicode/MARC-8) MARC (Unicode/UTF-8) MARC (Unicode/UTF-8, Standard) MODS (XML) RIS
  • More searches
    Search for this title in:
    Other Libraries (WorldCat) Other Databases (Google Scholar) Online Stores (Bookfinder.com) Open Library (openlibrary.org)

Exporting to Dublin Core...

SOUTHVILLE LIBRARY

Southville International School and Colleges Library

1281 Tropical Ave. Cor. Luxembourg St., BF Homes International, Las Pinas City

Tel. No. 8256374 / 252358 Loc. 117/146

Powered by Koha